00257 a2200121 4500001000700000020001800007040001100025100001800036240003500054245003000089300000700119362000900126186949 a85-86295-15-9 cMagnum aGuedes, Hardy10aTicao, o saci camisa dozelpor10aTicao, o saci camisa doze a240 a1999